Statistics for Dallas Cowboys Leaders

Click here to take the quiz!

General Stats

  • This quiz has been taken 440 times
    (377 since last reset)
  • The average score is 19 of 61

Answer Stats

Answer% Correct
Tony Romo
97%
Troy Aikman
95%
Emmitt Smith
94%
Roger Staubach
90%
Dak Prescott
85%
Michael Irvin
84%
Dez Bryant
80%
Ezekiel Elliott
72%
Jason Witten
69%
Demarco Murray
61%
Tony Dorsett
60%
Danny White
49%
Drew Pearson
49%
Hershel Walker
43%
Terrell Owens
43%
Drew Bledsoe
41%
Terrance Williams
40%
Felix Jones
39%
Julius Jones
39%
Marion Barber
38%
Don Meredith
36%
Butch Johnson
31%
Cole Beasley
31%
Miles Austin
31%
Bob Hayes
29%
Quincy Carter
29%
Calvin Hill
26%
Jon Kitna
26%
Tony Hill
26%
Jay Novacek
25%
Vinny Testaverde
25%
Craig Morton
24%
Alvin Harper
18%
Jason Garrett
18%
Eddie LeBaron
15%
Walt Garrison
13%
Brandon Weeden
12%
Billy Joe DuPree
11%
Chad Hutchinson
11%
Don Perkins
11%
Duane Thomas
11%
Matt Cassel
11%
Gary Hogeboom
10%
Robert Newhouse
10%
Terry Glenn
10%
Patrick Crayton
9%
Doug Cosbie
8%
Randall Cunningham
8%
Steve Pelluer
8%
Dan Reeves
7%
Kelvin Martin
7%
Steve Beuerlein
7%
Timmy Newsome
7%
Troy Hambrick
7%
Lance Rentzel
6%
Ron Springs
6%
Steve Walsh
6%
Frank Clarke
5%
Amos Marsh
4%
Doug Dennison
4%
Kevin Sweeney
3%

Score Distribution

Percentile by Number Answered

Percent of People with Each Score

Your Score History

You have not taken this quiz since the last reset